| 000 | 00505nam a2200181Ia 4500 | ||
|---|---|---|---|
| 001 | 16256 | ||
| 005 | 20260306170256.0 | ||
| 008 | 260306t2022||||xx |||||||||||||| ||und|| | ||
| 041 | _aESP | ||
| 082 |
_a347.51 _bM86 |
||
| 100 |
_aMorales Acosta, Alonso Víctor Manuel _eAUT |
||
| 245 | 0 |
_aEl tráfico jurídico de las empresas: _bla transferencia definitiva. Hacia la compraventa |
|
| 260 | _c2022 | ||
| 300 |
_a375 páginas : _c24 cm. |
||
| 650 | _aGEN | ||
| 654 | _aCDE | ||
| 942 |
_cLIB _dJUS _fJUS _2ddc _n |
||
| 999 |
_c16256 _d16256 |
||